Federal Agency Acronyms Quiz - Statistics

General Stats
  • This quiz has been taken 20 times
  • The average score is 13 of 26
Answer Stats
Hint Answer % Correct
Drug law enforcement DEA
93%
Foreign intelligence (primary) CIA
80%
Internal intelligence and federal law enforcement FBI
80%
Disaster response and planning FEMA
67%
Immigration enforcement ICE
67%
Signals intelligence and surveillance NSA
67%
Mail delivery USPS
67%
Broadcasting regulation FCC
60%
Food and medicine safety FDA
60%
Taxation IRS
60%
Air/space research NASA
60%
Bank account insurance FDIC
53%
Weather research & prediction NOAA
53%
Border enforcement CBP
47%
Aviation regulation FAA
47%
National park management NPS
40%
Transportation accident investigation NTSB
40%
Investing regulation SEC
40%
Social Security SSA
40%
Other federal land management BLM
33%
Health research NIH
33%
Native American affairs BIA
27%
Consumer protection FTC
20%
Labor law enforcement NLRB
20%
National forest management USFS
20%
Maritime regulation FMC
13%
No matching quizzes found
Score Distribution
Percent of People with Each Score
Percentile by Number Answered
Your Score History
You have not taken this quiz